000 00849nam a2200253Ia 4500
003 OSt
005 20221005111738.0
006 a|||||r|||| 00| 0
007 ta
008 221004b |||||||| |||| 00| 0 tam d
024 _a4984
037 _cTextual
040 _aCRL
_cCRL
_btam
041 _2tam
_atam
082 _aO31:g, 152K5
100 _aरामधारी सिंह, ‘दिनकर’
245 0 _aतमिल साहित्य
246 _aTamil sāhitya
260 _aमद्रास
_bहिन्दी प्रचार सभा प्रकाशन भारत
_c1965
300 _a204पृ0
_ccm.
650 _aतमिल साहित्य
942 _hO31:g, 152K5
_cTEXL
_2cc
999 _c1022761
_d1022761